000 01034nam a2200277Ia 4500
003 GCL
005 20240530095323.0
008 140319s9999 xx 000 0 ara d
040 _aGCL /
_cGCL
082 0 4 _a950
_bغ ن
100 1 _aنظير جاهل
245 1 0 _aنهضة اسيا - القرن الواحد والعشرين اسيا تطل براسها /
_cنظير جاهل
260 _aالقاهرة :
_bالدار الجماهيرية للنشر والتوزيع والاعلان ،
_c1994
300 _a359 ص ؛
_c24 سم
490 _aسلسلة تجارب الشعوب
_v0
650 0 4 _aالحقوق السياسية
650 0 4 _aالشيوعية
650 0 4 _aالديمقراطية
650 0 4 _aالاستعمار
650 0 4 _aالحرب العالمية الثانية 1939 - 1945
650 0 4 _aاسيا - تاريخ
650 0 4 _aاسيا - الاحوال السياسية
650 0 4 _aاسيا - الاحوال الاقتصادية
700 1 _aغودومان، فرنسوا
942 _2ddc
_cBK
999 _c6130
_d6130